| 000 | 00563cam a22001337a 4500 | ||
|---|---|---|---|
| 008 | 180718b2000 xxu||||| |||| 00| 0 eng d | ||
| 082 | _aAPPPA 1999-2000 MAZ/20 | ||
| 100 | _aMazumdar, S.M. | ||
| 245 |
_aImpact of Supreme Courts order banning: deforestation on the economy, ecology and people of North-East India: with special reference to Arunachal Pradesh: a study _cby S.M. Mazumdar |
||
| 260 |
_aNew Delhi _bIndian Institute of Public Administration _c2000 |
||
| 300 | _a114p. | ||
| 650 | _aAPPPA | ||
| 650 | _aDeforestation - Control - India - Arunachal Pradesh | ||
| 999 |
_c489428 _d489428 |
||